000 00767nam a2200205 i 4500
001 54861
003 ES-MaACL
005 20251201163835.0
007 t|
008 040120s1837 sp ||||1| spa d
100 0 _aDiego de Noche
_cseud.
_9202882
245 1 0 _aPlaceme de Don Diego de Noche al Excmo. Sr. D. José María Calatrava, con motivo de su enfermedad.
260 _aMadrid :
_b[s.n.],
_c1837 (
_fImp. de la Compañía Tipográfica)
300 _a31 p. ;
_c18 cm.
594 _aAnotación manuscrita ¿Bartolomé José Gallardo?
600 1 7 _aCalatrava, José María,
_d1781-1846
_2
_9153278
651 4 _aEspaña-
_xHistoria-
_z1833-1840, Regencia de María Cristina de Borbón
_98252
852 4 _aES-MaACL
_jT-23-F-3
999 _c54861
_d54861